• 首页
  • 本馆介绍
  • 公告通知
  • 最新文献
  • 馆藏检索
  • 电子资源
  • 读者导购
  • 参考咨询
  • 我的图书馆
  • 登录
  • 详细信息显示
  • 放入我的书架
  • 预约/预借图书
  • 作者相关作品
  • 分类相关作品
  • 丛书相关作品
  • 出版社相关作品

书目信息

  • 表格格式
  • 工作单格式
  • 卡片格式
题名:
伯罗奔尼撒战争史
    
 
作者: 修昔底德 著 ;谢德凤 译
分册:  
出版信息: 北京   商务印书馆  1964.04
页数: 692页
开本: 21cm
丛书名:
单 册:
中图分类: K545.2
科图分类:
主题词: 南欧--历史
电子资源:
ISBN:
000 00636nam0 2200217 45
001 0212041644
005 20060814150629.67
010    @b精装@dCNY3.90
091    @a11017.96
100    @a20021204d1964 km y0chiy0120 ea
101 0  @achi
200 1  @a伯罗奔尼撒战争史@ABo Luo Ben Ni Sa Zhan Zheng Shi@f(古希腊)修昔底德著@F(Gu Xi La)Xiu Xi Di De Zhu@g谢德凤译
210    @a北京@c商务印书馆@d1964.04
215    @a692页@d21cm
300    @a附录:阿基达马斯战争综合表
606 0  @a南欧@x历史
690    @aK545.2@v3
701  0 @a修昔底德@4著
702  0 @a谢德凤@AXie De Feng@4译
801    @aCN@bTSTC@c20060814
905    @dK545.2@e2@f1@b14384
    
    伯罗奔尼撒战争史/(古希腊)修昔底德著/谢德凤译.-北京:商务印书馆,1964.04
    692页;21cm
    附录:阿基达马斯战争综合表
    
    ISBN (精装):CNY3.90
    
●
相关链接 在E读中查询图书 在五车中查询图书 在当当中查询图书 在豆瓣中查询图书


正题名:伯罗奔尼撒战争史     索取号:K545.2/2         预约/预借

序号 登录号 条形码 馆藏地/架位号 状态 备注
1 0014383   202143377   密集书库/ [索取号:K545.2/2] 在馆    
2 0014384   001417737   第二样本阅览室/ [索取号:K545.2/2] 在馆    
3 0219265   001732824   密集书库/ [索取号:K545.2/2] 在馆    
4 0219266   001732780   密集书库/ [索取号:K545.2/2] 在馆    
5 0462466   204624665   密集书库/ [索取号:K545.2/2] 在馆    
6 0462467   204624674   密集书库/ [索取号:K545.2/2] 在馆    
唐山师范学院图书馆 欢迎您!
大连网信软件有限公司© 版权所有